| 000 | 00521nam a22001817a 4500 | ||
|---|---|---|---|
| 003 | OSt | ||
| 005 | 20221007174223.0 | ||
| 008 | 221007b |||||||| |||| 00| 0 eng d | ||
| 020 | _a85-98251-10-0 | ||
| 040 | _cBiblioteca Lado V | ||
| 082 |
_a708 _bH548m |
||
| 100 |
_913 _aHerkenhoff, Paulo _etexto |
||
| 245 | _aManobras Radicais/ | ||
| 260 |
_aBrasil _bCentro Cultural Banco do Brasil _c2006 |
||
| 300 |
_a239p. _c16x23cm |
||
| 700 |
_aBuarque, Heloisa _etextos |
||
| 942 |
_2ddc _c1 _h708 _iH548m _n0 |
||
| 999 |
_c2241 _d2241 |
||